[Event "Odisha-ch 60th"]
[Site "Balasore"]
[Date "2019.10.02"]
[Round "2"]
[White "Rakesh, Kumar Nayak"]
[Black "Dhirendra, Kumar Das"]
[Result "1-0"]
[WhiteElo "2037"]
[BlackElo "1332"]
[PlyCount "113"]
[EventDate "2019.10.01"]
[EventType "swiss"]
[EventRounds "9"]
[EventCountry "IND"]
[SourceTitle "CBM 192 Extra"]
[Source "Chessbase"]
[SourceDate "2019.11.06"]
[SourceVersion "1"]
[SourceVersionDate "2019.11.06"]
[SourceQuality "1"]

1. Nf3 d5 2. c4 d4 3. g3 c5 4. Bg2 Nc6 5. d3 e5 6. a3 Bd7 7. 0-0 h6 8. Nbd2 Qc7 9. Re1 0-0-0 10. b4 cxb4 11. axb4 Bxb4 12. Bb2 a6 13. Qb3 a5 14. Reb1 Nge7 15. Ba3 f6 16. Ne4 f5 17. Nc5 b6 18. Na6 Qd6 19. Nxb4 Nxb4 20. Bxb4 axb4 21. Qxb4 Qxb4 22. Rxb4 Nc6 23. Rxb6 Kc7 24. Rab1 Rb8 25. c5 g5 26. Nd2 Rhe8 27. Nc4 e4 28. Nd6 exd3 29. Nxe8+ Rxe8 30. Rb7+ Kd8 31. exd3 Re5 32. R7b5 h5 33. Kf1 h4 34. gxh4 f4 35. hxg5 Rxg5 36. Bxc6 Bxc6 37. R5b4 Kc7 38. Rxd4 Bg2+ 39. Ke2 f3+ 40. Ke3 Re5+ 41. Re4 Rh5 42. h4 Kc6 43. d4 Bh3 44. Rb6+ Kd7 45. Kxf3 Bf1 46. Rd6+ Kc8 47. Re8+ Kc7 48. Re7+ Kc8 49. Kg4 Rh8 50. h5 Rg8+ 51. Rg6 Rd8 52. d5 Bd3 53. Rg5 Bc2 54. h6 Rh8 55. d6 Bd1+ 56. Kg3 Bc2 57. Rgg7 1-0